000 00464nam a22001817a 4500
003 DO-SdBNP
005 20180221084544.0
008 180221b xxu||||| |||| 00| 0 spa d
020 _a059029167X
040 _aBPMSU
_bspa
_cBPMSU
100 _aCowcher, Helen
245 _aEl bosque tropical
_cHelen Cowcher
260 _aNew York
_bScholastic
_c1988
300 _a38 p.
_c28 cm
942 _2ddc
_cBK
945 _ainventariado, 2018 / dg
956 _adgarcia
_b10
999 _c13327
_d13327